Michal Šarše : v příběhu

Katalog stejnojmenné výstavy v Nové síni Rabasovy galerie pod Vysokou bránou v Rakovníku

Hlavní autor: Šarše, Michal, 1956-
Korporativní autor: Rabasova galerie (Rakovník, Česko). Nová síň pod Vysokou bránou
Jazyk: Čeština
Vydáno: Rakovník : Rabasova galerie, 2021
Témata:
Fyzický popis: 40 nečíslovaných stran : ilustrace (převážně barevné) ; 21 cm
Knihy
Uloženo v:
LEADER 02105nam a2200541 i 4500
001 nkc20213361787
003 CZ PrNK
005 20211122123034.0
007 ta
008 210929s2021 xr a e c 000 0 cze
020 |a 978-80-87406-92-2  |q (brožováno) 
040 |a BOA001  |b cze  |d ABA001  |e rda 
043 |a e-xr--- 
045 |a y-y- 
072 7 |a 73  |x Sochařství, keramika, porcelán, umělecké zpracování kovů  |2 Konspekt  |9 21 
080 |a 730(437.3)  |2 MRF 
080 |a 730.036/.038  |2 MRF 
080 |a 7.038.55  |2 MRF 
080 |a (437.3)  |2 MRF 
080 |a (083.824)  |2 MRF 
100 1 |a Šarše, Michal,  |d 1956-  |7 jn20000728692  |4 art 
245 1 0 |a Michal Šarše :  |b v příběhu 
246 3 |a V příběhu - Michal Šarše 
264 1 |a Rakovník :  |b Rabasova galerie,  |c 2021 
300 |a 40 nečíslovaných stran :  |b ilustrace (převážně barevné) ;  |c 21 cm 
336 |a text  |b txt  |2 rdacontent 
336 |a statický obraz  |b sti  |2 rdacontent 
337 |a bez média  |b n  |2 rdamedia 
338 |a svazek  |b nc  |2 rdacarrier 
500 |a Název z obálky 
500 |a 300 výtisků 
520 |a Katalog stejnojmenné výstavy v Nové síni Rabasovy galerie pod Vysokou bránou v Rakovníku 
600 1 7 |a Šarše, Michal,  |d 1956-  |7 jn20000728692  |2 czenas 
648 7 |a 21. století  |7 ch460559  |2 czenas 
650 0 7 |a české sochařství  |7 ph128152  |y 21. století  |2 czenas 
650 0 7 |a moderní sochařství  |7 ph122941  |z Česko  |2 czenas 
650 0 7 |a instalace (umění)  |7 ph121119  |z Česko  |y 21. století  |2 czenas 
650 0 9 |a Czech sculpture  |y 21st century  |2 eczenas 
650 0 9 |a modern sculpture  |z Czechia  |2 eczenas 
650 0 9 |a installations (art)  |z Czechia  |y 21st century  |2 eczenas 
655 7 |a katalogy výstav  |7 fd132536  |2 czenas 
655 9 |a exhibition catalogs  |2 eczenas 
710 2 |a Rabasova galerie (Rakovník, Česko).  |b Nová síň pod Vysokou bránou  |7 kn20090414021  |4 orm 
910 2 |a BOA001  |b 2-1472.556 
990 |a BK 
995 |a 11 
991 |b 202110  |c NOV 
996 6 |b 2610881478  |c 2-1472.556  |l MZK  |r Sklad / do 1 hodiny  |n 0  |p p.v.  |w 001865455  |u 000010  |a 1  |e BOA001  |j MZK50  |s P